[Event "Muensterland Regionalliga 2526"]
[Site "Germany"]
[Date "2025.09.06"]
[Round "1"]
[Board "1"]
[White "Wellen, Hendrik"]
[Black "Schroer, Klaus"]
[Result "1/2-1/2"]
[WhiteElo "1995"]
[BlackElo "2095"]
[WhiteFideId "-1"]
[BlackFideId "-1"]
[PlyCount "52"]
[GameId "2223824347590363"]
[EventDate "2025.??.??"]
[EventType "team-tourn"]
[EventRounds "9"]
[EventCountry "GER"]
[SourceTitle "Verband Muensterland"]
[SourceDate "2025.09.21"]
[SourceVersion "1"]
[SourceVersionDate "2025.09.21"]
[SourceQuality "1"]
[WhiteTeam "Heiden"]
[BlackTeam "Borken"]
[WhiteTeamCountry "GER"]
[BlackTeamCountry "GER"]

1. d4 d6 2. c4 e5 3. d5 g6 4. Nc3 Bg7 5. e4 f5 6. Bd3 Nf6 7. Nf3 O-O 8. Be3 a5 9. a3 Na6 10. Bc2 Bd7 11. b3 b6 12. Qb1 fxe4 13. Nxe4 Nxe4 14. Bxe4 Nc5 15. Nd2 Nxe4 16. Nxe4 Bf5 17. O-O Qh4 18. f3 Bh6 19. Qe1 Bxe3+ 20. Qxe3 Bxe4 21. fxe4 Kg7 22. g3 Qg4 23. Kg2 Rxf1 24. Rxf1 Rf8 25. Rxf8 Kxf8 26. Qf3+ Qxf3+ 1/2-1/2

[Event "Muensterland Regionalliga 2526"]
[Site "Germany"]
[Date "2025.09.06"]
[Round "1"]
[Board "2"]
[White "Schulze Schwering, Philipp"]
[Black "Leidig, Andreas"]
[Result "1/2-1/2"]
[WhiteElo "2018"]
[BlackElo "1897"]
[WhiteFideId "-1"]
[BlackFideId "-1"]
[PlyCount "112"]
[GameId "2223824347590365"]
[EventDate "2025.??.??"]
[EventType "team-tourn"]
[EventRounds "9"]
[EventCountry "GER"]
[SourceTitle "Verband Muensterland"]
[SourceDate "2025.09.21"]
[SourceVersion "1"]
[SourceVersionDate "2025.09.21"]
[SourceQuality "1"]
[WhiteTeam "Borken"]
[BlackTeam "Heiden"]
[WhiteTeamCountry "GER"]
[BlackTeamCountry "GER"]

1. d4 d5 2. Nf3 c5 3. c4 e6 4. cxd5 exd5 5. g3 Nc6 6. Bg2 Nf6 7. O-O Be7 8. dxc5 Bxc5 9. a3 Ne4 10. Nfd2 O-O 11. Nxe4 dxe4 12. Bxe4 Qe7 13. Nc3 Rd8 14. Qc2 Nd4 15. Bxh7+ Kh8 16. Qe4 g6 17. Bxg6 fxg6 18. Qxg6 Bf5 19. Qh6+ Qh7 20. Qxh7+ Kxh7 21. Be3 Bg4 22. Rfe1 Rac8 23. Rac1 Nb3 24. Rcd1 Bxe3 25. fxe3 Nd2 26. e4 Nc4 27. Rxd8 Rxd8 28. Nd5 Kg7 29. Kg2 Rd7 30. h3 Bh5 31. Nf4 Bf7 32. Nd3 Bg6 33. Nc5 Rd2 34. b3 Nxa3 35. Ra1 Nb5 36. Kf3 b6 37. Nd3 Rc2 38. Ke3 Rc3 39. g4 Rxb3 40. h4 a5 41. h5 Bf7 42. Rf1 Be8 43. h6+ Kxh6 44. Rf6+ Kg7 45. Rxb6 a4 46. Rb8 Bc6 47. Kd2 Nd4 48. Rxb3 Nxb3+ 49. Kc3 Bxe4 50. Kb4 Bc6 51. Nb2 Nd4 52. Nxa4 Bxa4 53. Kxa4 Nxe2 54. g5 Kg6 55. Ka3 Kf5 56. g6 Kxg6 1/2-1/2

[Event "Muensterland Regionalliga 2526"]
[Site "Germany"]
[Date "2025.09.06"]
[Round "1"]
[Board "3"]
[White "Wigger, Niklas"]
[Black "Beckmann, David"]
[Result "1/2-1/2"]
[WhiteElo "1858"]
[BlackElo "2029"]
[WhiteFideId "-1"]
[BlackFideId "-1"]
[PlyCount "81"]
[GameId "2223824347655903"]
[EventDate "2025.??.??"]
[EventType "team-tourn"]
[EventRounds "9"]
[EventCountry "GER"]
[SourceTitle "Verband Muensterland"]
[SourceDate "2025.09.21"]
[SourceVersion "1"]
[SourceVersionDate "2025.09.21"]
[SourceQuality "1"]
[WhiteTeam "Heiden"]
[BlackTeam "Borken"]
[WhiteTeamCountry "GER"]
[BlackTeamCountry "GER"]

1. g3 d5 2. d4 e6 3. Bg2 Nf6 4. Nf3 Be7 5. O-O O-O 6. c4 dxc4 7. Ne5 c5 8. dxc5 Nbd7 9. Nxd7 Nxd7 10. c6 bxc6 11. Bxc6 Rb8 12. Qa4 Qc7 13. Bg2 Nb6 14. Qa5 f6 15. Nc3 Bd7 16. Bf4 e5 17. Nd5 Qc5 18. Nxe7+ Qxe7 19. Be3 e4 20. Rfd1 Bg4 21. Bc5 Qe5 22. Qa3 Bxe2 23. Bxf8 Rxf8 24. Re1 Bd3 25. Qxa7 Qxb2 26. Qe7 f5 27. a4 c3 28. a5 Na8 29. a6 c2 30. a7 Qb6 31. Bf1 Rf7 32. Qe5 Qd8 33. Qb8 Rf8 34. Qb3+ Kh8 35. Ra3 Qc8 36. Qc3 Bxf1 37. Rxf1 Rd8 38. Qxc8 Rxc8 39. Rc1 g5 40. Ra2 f4 41. Raxc2 1/2-1/2

[Event "Muensterland Regionalliga 2526"]
[Site "Germany"]
[Date "2025.09.06"]
[Round "1"]
[Board "4"]
[White "Boldrick, Marcel"]
[Black "Wienen, Hermann"]
[Result "1-0"]
[WhiteElo "1864"]
[BlackElo "1875"]
[WhiteFideId "-1"]
[BlackFideId "-1"]
[PlyCount "113"]
[GameId "2223824347655905"]
[EventDate "2025.??.??"]
[EventType "team-tourn"]
[EventRounds "9"]
[EventCountry "GER"]
[SourceTitle "Verband Muensterland"]
[SourceDate "2025.09.21"]
[SourceVersion "1"]
[SourceVersionDate "2025.09.21"]
[SourceQuality "1"]
[WhiteTeam "Borken"]
[BlackTeam "Heiden"]
[WhiteTeamCountry "GER"]
[BlackTeamCountry "GER"]

1. e4 c5 2. c3 d5 3. exd5 Qxd5 4. d4 cxd4 5. Nf3 Nc6 6. cxd4 e6 7. Nc3 Bb4 8. Bd3 Nf6 9. O-O Bxc3 10. bxc3 O-O 11. Re1 h6 12. Ne5 Qd8 13. Re3 Ne7 14. Rg3 Kh8 15. Qf3 Qd5 16. Ba3 Qxf3 17. Rxf3 Re8 18. Nxf7+ Kg8 19. Nxh6+ gxh6 20. Rxf6 Nd5 21. Rf3 Bd7 22. Rg3+ Kh8 23. Bd6 e5 24. Bxe5+ Rxe5 25. dxe5 Re8 26. Re1 Nf4 27. Bc4 b5 28. Bf7 Re7 29. e6 Bc6 30. Rg4 Nd5 31. Re5 Kh7 32. Bg8+ Kh8 33. Rh5 Rg7 34. Rxg7 Kxg7 35. Bf7 a5 36. Rh3 b4 37. cxb4 axb4 38. a3 bxa3 39. Rxa3 Ne7 40. h3 Kf6 41. Kh2 Bd5 42. Ra5 Bc6 43. Rh5 Kg7 44. g4 Nd5 45. Rxd5 Bxd5 46. f4 Kf6 47. Kg3 Bc4 48. f5 Bf1 49. h4 h5 50. Bxh5 Bd3 51. Kf4 Bb5 52. g5+ Kg7 53. f6+ Kf8 54. e7+ Kg8 55. f7+ Kh7 56. f8=Q Be8 57. g6+ 1-0

[Event "Muensterland Regionalliga 2526"]
[Site "Germany"]
[Date "2025.09.06"]
[Round "1"]
[Board "5"]
[White "Niewerth, Gerd"]
[Black "Farwick, Christian"]
[Result "0-1"]
[WhiteElo "1838"]
[BlackElo "1851"]
[WhiteFideId "-1"]
[BlackFideId "-1"]
[PlyCount "70"]
[GameId "2223824347655907"]
[EventDate "2025.??.??"]
[EventType "team-tourn"]
[EventRounds "9"]
[EventCountry "GER"]
[SourceTitle "Verband Muensterland"]
[SourceDate "2025.09.21"]
[SourceVersion "1"]
[SourceVersionDate "2025.09.21"]
[SourceQuality "1"]
[WhiteTeam "Heiden"]
[BlackTeam "Borken"]
[WhiteTeamCountry "GER"]
[BlackTeamCountry "GER"]

1. e4 c5 2. Nf3 e6 3. d4 cxd4 4. Nxd4 d6 5. Nc3 Be7 6. Bc4 Nf6 7. Bb3 Bd7 8. O-O Nc6 9. Be3 O-O 10. a4 Qb8 11. f3 Rd8 12. Qe2 Nxd4 13. Bxd4 Bc6 14. Rad1 b6 15. Kh1 Qb7 16. Qf2 e5 17. Be3 d5 18. exd5 Nxd5 19. Nxd5 Bxd5 20. Bxd5 Rxd5 21. Qe2 Rad8 22. c4 R5d7 23. Rc1 Qc6 24. Qc2 Rd3 25. Bg1 Rd2 26. Qb3 Qg6 27. g3 Qh5 28. Rcd1 R8d3 29. Qxd3 Rxd3 30. Rxd3 e4 31. Re3 f5 32. fxe4 fxe4 33. Rxe4 Qg6 34. Rfe1 Qf6 35. Rxe7 Qf3# 0-1

[Event "Muensterland Regionalliga 2526"]
[Site "Germany"]
[Date "2025.09.06"]
[Round "1"]
[Board "6"]
[White "Schmidt, Sebastian"]
[Black "Meis, Jonas"]
[Result "1/2-1/2"]
[WhiteElo "1754"]
[BlackElo "1754"]
[WhiteFideId "-1"]
[BlackFideId "-1"]
[PlyCount "59"]
[GameId "2223824347655909"]
[EventDate "2025.??.??"]
[EventType "team-tourn"]
[EventRounds "9"]
[EventCountry "GER"]
[SourceTitle "Verband Muensterland"]
[SourceDate "2025.09.21"]
[SourceVersion "1"]
[SourceVersionDate "2025.09.21"]
[SourceQuality "1"]
[WhiteTeam "Borken"]
[BlackTeam "Heiden"]
[WhiteTeamCountry "GER"]
[BlackTeamCountry "GER"]

1. e4 c5 2. Nf3 e6 3. d4 cxd4 4. Nxd4 Nc6 5. Nxc6 bxc6 6. Bd3 Ne7 7. c4 d5 8. cxd5 cxd5 9. Bb5+ Bd7 10. Bxd7+ Qxd7 11. exd5 Qxd5 12. O-O Qxd1 13. Rxd1 Nd5 14. Bd2 Rb8 15. Nc3 Nf6 16. b3 Be7 17. Be3 a6 18. Na4 O-O 19. Bc5 Rfe8 20. Rac1 Nd5 21. Bxe7 Rxe7 22. Rc6 g6 23. Rxa6 Rc7 24. Nb2 Rc2 25. Nc4 Nc3 26. Ra1 Rd8 27. g3 Ne4 28. Rf1 Re2 29. Ra7 Rd5 30. Ra5 1/2-1/2

[Event "Muensterland Regionalliga 2526"]
[Site "Germany"]
[Date "2025.09.06"]
[Round "1"]
[Board "7"]
[White "Dolle, Stefan"]
[Black "Klueppel, Ralf"]
[Result "1/2-1/2"]
[WhiteElo "1767"]
[BlackElo "1735"]
[WhiteFideId "-1"]
[BlackFideId "-1"]
[PlyCount "45"]
[GameId "2223824347655911"]
[EventDate "2025.??.??"]
[EventType "team-tourn"]
[EventRounds "9"]
[EventCountry "GER"]
[SourceTitle "Verband Muensterland"]
[SourceDate "2025.09.21"]
[SourceVersion "1"]
[SourceVersionDate "2025.09.21"]
[SourceQuality "1"]
[WhiteTeam "Heiden"]
[BlackTeam "Borken"]
[WhiteTeamCountry "GER"]
[BlackTeamCountry "GER"]

1. d4 Nf6 2. c4 g6 3. Nc3 d5 4. Nf3 Bg7 5. Qb3 dxc4 6. Qxc4 O-O 7. Bf4 c6 8. e4 Na6 9. Be2 Be6 10. Qa4 Nc7 11. O-O Nh5 12. Be3 Nf6 13. Rfd1 Nd7 14. Rac1 Nb6 15. Qc2 Rc8 16. b3 Nb5 17. Na4 Nxa4 18. bxa4 Nd6 19. Ne5 h6 20. f3 Kh7 21. Qd2 f5 22. exf5 Nxf5 23. f4 1/2-1/2

[Event "Muensterland Regionalliga 2526"]
[Site "Germany"]
[Date "2025.09.06"]
[Round "1"]
[Board "8"]
[White "Heisterkamp, Tom"]
[Black "Vestrick, Frank"]
[Result "0-1"]
[WhiteElo "1464"]
[BlackElo "1601"]
[WhiteFideId "-1"]
[BlackFideId "-1"]
[PlyCount "76"]
[GameId "2223824347655913"]
[EventDate "2025.??.??"]
[EventType "team-tourn"]
[EventRounds "9"]
[EventCountry "GER"]
[SourceTitle "Verband Muensterland"]
[SourceDate "2025.09.21"]
[SourceVersion "1"]
[SourceVersionDate "2025.09.21"]
[SourceQuality "1"]
[WhiteTeam "Borken"]
[BlackTeam "Heiden"]
[WhiteTeamCountry "GER"]
[BlackTeamCountry "GER"]

1. e4 d6 2. d4 Nf6 3. Nc3 g6 4. Be3 Bg7 5. f3 c6 6. Qd2 b5 7. a3 Qa5 8. b4 Qc7 9. Bh6 Bxh6 10. Qxh6 a5 11. Na2 axb4 12. Nxb4 Ra4 13. c3 Qa5 14. Qc1 c5 15. d5 Bd7 16. Nd3 Na6 17. Be2 c4 18. Nb4 Nc5 19. Qb2 Qb6 20. Kf1 O-O 21. Bd1 Ra7 22. Ne2 Nh5 23. g4 Nf6 24. Nd4 e5 25. Ne2 Ncxe4 26. fxe4 Nxg4 27. Ng3 Ne3+ 28. Ke1 f5 29. Bf3 fxe4 30. Bxe4 Rf4 31. Qe2 Bg4 32. Qd2 Raf7 33. Ra2 Bf3 34. Bxf3 Rxf3 35. Nc2 Ng4 36. Rf1 Rf2 37. Rxf2 Rxf2 38. Qd1 Nxh2 0-1

[Event "Muensterland Regionalliga 2526"]
[Site "Germany"]
[Date "2025.09.06"]
[Round "1"]
[Board "1"]
[White "Kruimer, Matthias"]
[Black "Kamphuis, Jasper"]
[Result "0-1"]
[WhiteElo "2027"]
[BlackElo "2102"]
[WhiteFideId "-1"]
[BlackFideId "-1"]
[PlyCount "98"]
[GameId "2223824423837813"]
[EventDate "2025.??.??"]
[EventType "team-tourn"]
[EventRounds "9"]
[EventCountry "GER"]
[SourceTitle "Verband Muensterland"]
[SourceDate "2025.09.21"]
[SourceVersion "1"]
[SourceVersionDate "2025.09.21"]
[SourceQuality "1"]
[WhiteTeam "Metelen"]
[BlackTeam "Gronau"]
[WhiteTeamCountry "GER"]
[BlackTeamCountry "GER"]

1. e4 e5 2. Nf3 Nc6 3. d4 exd4 4. Nxd4 Bc5 5. Nb3 Bb6 6. Nc3 Nf6 7. Bg5 h6 8. Bh4 O-O 9. Qe2 Re8 10. O-O-O a5 11. a4 d6 12. f3 Be6 13. Bf2 Bxb3 14. cxb3 Nb4 15. g4 d5 16. h4 Qd6 17. Kb1 Bxf2 18. Qxf2 Qf4 19. g5 Nxe4 20. Nxe4 dxe4 21. Bc4 Qf5 22. Ka1 e3 23. Qh2 c6 24. g6 Qxg6 25. Rhg1 Qf6 26. Rg2 b5 27. axb5 a4 28. Qh3 axb3+ 29. Kb1 e2 30. Rxe2 Rxe2 31. Bxe2 Qg6+ 32. Bd3 Nxd3 33. Qg4 Qxg4 34. fxg4 Nb4 35. bxc6 Nxc6 36. Rd3 Rb8 37. g5 hxg5 38. hxg5 Rb5 39. Kc1 Kh7 40. Kd2 Ne5 41. Rg3 Kg6 42. Kc3 Nc6 43. Rf3 Rxg5 44. Rd3 Na5 45. Kb4 Re5 46. Rd6+ f6 47. Ra6 Kf5 48. Rxa5 Rxa5 49. Kxa5 g5 0-1

[Event "Muensterland Regionalliga 2526"]
[Site "Germany"]
[Date "2025.09.06"]
[Round "1"]
[Board "2"]
[White "Monsma, Menno"]
[Black "Poelstra, Ben"]
[Result "1-0"]
[WhiteElo "2091"]
[BlackElo "1995"]
[WhiteFideId "-1"]
[BlackFideId "-1"]
[PlyCount "133"]
[GameId "2223824423837815"]
[EventDate "2025.??.??"]
[EventType "team-tourn"]
[EventRounds "9"]
[EventCountry "GER"]
[SourceTitle "Verband Muensterland"]
[SourceDate "2025.09.21"]
[SourceVersion "1"]
[SourceVersionDate "2025.09.21"]
[SourceQuality "1"]
[WhiteTeam "Gronau"]
[BlackTeam "Metelen"]
[WhiteTeamCountry "GER"]
[BlackTeamCountry "GER"]

1. e4 e5 2. Nf3 Nf6 3. d4 Nxe4 4. Bd3 d5 5. Nxe5 Be7 6. O-O O-O 7. c4 c6 8. Nc3 Nxc3 9. bxc3 dxc4 10. Bxc4 Nd7 11. Nxd7 Bxd7 12. Qf3 b5 13. Bb3 Bf6 14. Bf4 Qc8 15. Rfe1 a5 16. a3 Re8 17. Be5 Be6 18. Bxf6 Bxb3 19. Qg3 g6 20. Qf4 Re6 21. Re3 Rxe3 22. fxe3 Qf5 23. Qh4 Bd5 24. Rf1 Qe4 25. Qg3 Re8 26. Be5 Bc4 27. Re1 h5 28. h3 Re6 29. Qg5 Kh7 30. Qd8 Rxe5 31. dxe5 Qxe5 32. Qd4 Qg3 33. Rd1 Bd5 34. Qd2 Qe5 35. Qd4 Qg3 36. e4 Be6 37. Rd3 Qe1+ 38. Kh2 h4 39. Qe3 Qa1 40. Qf2 g5 41. Qf6 Qc1 42. Rd8 Qf4+ 43. Qxf4 gxf4 44. Ra8 f5 45. exf5 Bxf5 46. Rxa5 Kg6 47. a4 Bd3 48. axb5 cxb5 49. Ra8 Kf5 50. Re8 Be4 51. Kg1 Bc6 52. Rd8 Ke4 53. Kf2 Bd5 54. Rd6 Bc4 55. Rd4+ Ke5 56. Kf3 Bd5+ 57. Kg4 Bxg2 58. Kxh4 Be4 59. Rb4 Bd3 60. Kg4 Bc4 61. Rxc4 bxc4 62. Kf3 Kf5 63. h4 Ke5 64. h5 Kf5 65. h6 Kg6 66. Kxf4 Kxh6 67. Ke5 1-0

[Event "Muensterland Regionalliga 2526"]
[Site "Germany"]
[Date "2025.09.06"]
[Round "1"]
[Board "3"]
[White "Buijnsters, Floris"]
[Black "Reckzuegel, Philipp"]
[Result "1-0"]
[WhiteElo "1925"]
[BlackElo "1998"]
[WhiteFideId "-1"]
[BlackFideId "-1"]
[PlyCount "57"]
[GameId "2223824423837817"]
[EventDate "2025.??.??"]
[EventType "team-tourn"]
[EventRounds "9"]
[EventCountry "GER"]
[SourceTitle "Verband Muensterland"]
[SourceDate "2025.09.21"]
[SourceVersion "1"]
[SourceVersionDate "2025.09.21"]
[SourceQuality "1"]
[WhiteTeam "Metelen"]
[BlackTeam "Gronau"]
[WhiteTeamCountry "GER"]
[BlackTeamCountry "GER"]

1. e4 d6 2. d4 Nf6 3. Nc3 c6 4. f4 Qa5 5. Bd3 e5 6. dxe5 dxe5 7. fxe5 Qxe5 8. Nf3 Qc7 9. e5 Ng4 10. Qe2 Be7 11. h3 Nh6 12. Ne4 Be6 13. Bg5 Nd7 14. Bxe7 Kxe7 15. Neg5 Nf5 16. Bxf5 Bxf5 17. O-O-O Rhd8 18. g4 Be6 19. Nxe6 fxe6 20. Qe3 Qa5 21. Kb1 Nc5 22. Qg5+ Kf8 23. Nd4 Kg8 24. Rhf1 Ne4 25. Qf4 Qd5 26. c4 Qxc4 27. Qxe4 c5 28. Qxb7 cxd4 29. Rf7 1-0

[Event "Muensterland Regionalliga 2526"]
[Site "Germany"]
[Date "2025.09.06"]
[Round "1"]
[Board "4"]
[White "Hoge, Torsten"]
[Black "Grotenhuis, Gerard"]
[Result "1-0"]
[WhiteElo "1931"]
[BlackElo "1741"]
[WhiteFideId "-1"]
[BlackFideId "-1"]
[PlyCount "55"]
[GameId "2223824423837819"]
[EventDate "2025.??.??"]
[EventType "team-tourn"]
[EventRounds "9"]
[EventCountry "GER"]
[SourceTitle "Verband Muensterland"]
[SourceDate "2025.09.21"]
[SourceVersion "1"]
[SourceVersionDate "2025.09.21"]
[SourceQuality "1"]
[WhiteTeam "Gronau"]
[BlackTeam "Metelen"]
[WhiteTeamCountry "GER"]
[BlackTeamCountry "GER"]

1. d4 d5 2. Bf4 f5 3. Nf3 Nf6 4. g3 e6 5. Bg2 Be7 6. O-O O-O 7. c4 c6 8. Nbd2 Ne4 9. Qc2 Nd7 10. Nxe4 fxe4 11. Ne5 g5 12. Nxd7 Bxd7 13. Be3 Bf6 14. f3 exf3 15. Rxf3 Qe7 16. Raf1 Qg7 17. Qd3 Be8 18. c5 Bg6 19. Qd2 h6 20. Kh1 Rae8 21. h4 e5 22. hxg5 hxg5 23. Bxg5 exd4 24. Rxf6 Rxf6 25. Bxf6 Qh7+ 26. Kg1 Qh5 27. Bf3 Qf5 28. Bxd4 1-0

[Event "Muensterland Regionalliga 2526"]
[Site "Germany"]
[Date "2025.09.06"]
[Round "1"]
[Board "5"]
[White "Wigger, Frank"]
[Black "Langendijk, Andre"]
[Result "0-1"]
[WhiteElo "1911"]
[BlackElo "1859"]
[WhiteFideId "-1"]
[BlackFideId "-1"]
[PlyCount "84"]
[GameId "2223824423837821"]
[EventDate "2025.??.??"]
[EventType "team-tourn"]
[EventRounds "9"]
[EventCountry "GER"]
[SourceTitle "Verband Muensterland"]
[SourceDate "2025.09.21"]
[SourceVersion "1"]
[SourceVersionDate "2025.09.21"]
[SourceQuality "1"]
[WhiteTeam "Metelen"]
[BlackTeam "Gronau"]
[WhiteTeamCountry "GER"]
[BlackTeamCountry "GER"]

1. e4 c5 2. c3 Nf6 3. e5 Nd5 4. d4 cxd4 5. Nf3 Nc6 6. cxd4 d6 7. Bc4 Nb6 8. Bb5 dxe5 9. Nxe5 Bd7 10. Nxd7 Qxd7 11. Nc3 e6 12. O-O Be7 13. Re1 O-O 14. Bxc6 bxc6 15. Qg4 Rfd8 16. Be3 g6 17. Rad1 Nd5 18. Bc1 a5 19. h4 a4 20. a3 Rdb8 21. h5 Nf6 22. Qf3 Nxh5 23. Ne4 Qd5 24. g4 Rb3 25. Re3 Rxe3 26. Bxe3 Ng7 27. Nf6+ Bxf6 28. Qxf6 h5 29. Bh6 Ne8 30. Qe7 Qf3 31. Rc1 hxg4 32. Qb7 g3 33. Be3 gxf2+ 34. Bxf2 Ra5 35. Qxc6 Rg5+ 36. Kf1 Qd3+ 37. Ke1 Nf6 38. Qh1 Rh5 39. Qb7 Ne4 40. Qc8+ Kg7 41. Bg1 Qd2+ 42. Kf1 Ng3# 0-1

[Event "Muensterland Regionalliga 2526"]
[Site "Germany"]
[Date "2025.09.06"]
[Round "1"]
[Board "6"]
[White "Rothkegel, Juergen"]
[Black "Morrien, Rolf"]
[Result "1/2-1/2"]
[WhiteElo "1880"]
[BlackElo "1715"]
[WhiteFideId "-1"]
[BlackFideId "-1"]
[PlyCount "115"]
[GameId "2223824423837823"]
[EventDate "2025.??.??"]
[EventType "team-tourn"]
[EventRounds "9"]
[EventCountry "GER"]
[SourceTitle "Verband Muensterland"]
[SourceDate "2025.09.21"]
[SourceVersion "1"]
[SourceVersionDate "2025.09.21"]
[SourceQuality "1"]
[WhiteTeam "Gronau"]
[BlackTeam "Metelen"]
[WhiteTeamCountry "GER"]
[BlackTeamCountry "GER"]

1. e4 d5 2. exd5 Qxd5 3. Nc3 Qa5 4. d4 c6 5. Bd3 Nf6 6. Nge2 Bg4 7. f3 Bh5 8. Bd2 Qc7 9. Bf4 Qd8 10. Qd2 e6 11. O-O-O Bb4 12. a3 Be7 13. g4 Bg6 14. h4 Bxd3 15. Qxd3 Nbd7 16. g5 Nh5 17. Bh2 Qa5 18. Ne4 Rd8 19. Nd6+ Bxd6 20. Bxd6 g6 21. Nc3 Ng7 22. Ne4 Nf5 23. c4 Qa6 24. Bb4 Rc8 25. Kb1 b6 26. h5 Qb7 27. hxg6 fxg6 28. Rhe1 Kf7 29. Nd6+ Nxd6 30. Bxd6 Rhe8 31. Qe4 Nf8 32. Rh1 Kg8 33. Be5 Qf7 34. Ka1 Qf5 35. Qh4 Rcd8 36. Rd2 Qf7 37. Bf6 Rd7 38. Re2 b5 39. cxb5 cxb5 40. Rhe1 a5 41. Re5 Rb7 42. d5 b4 43. dxe6 Rxe6 44. Rxa5 b3 45. Rae5 Rxe5 46. Rxe5 Rd7 47. Qe1 Qc4 48. Re7 Rxe7 49. Bxe7 Ne6 50. Bf6 Kf7 51. Qd1 Nc5 52. Bc3 Ke6 53. Qe1+ Kd7 54. Qd1+ Kc6 55. Qe1 Kd7 56. Bb4 Ne6 57. Qd1+ Kc8 58. Bc3 1/2-1/2

[Event "Muensterland Regionalliga 2526"]
[Site "Germany"]
[Date "2025.09.06"]
[Round "1"]
[Board "7"]
[White "Bueckers, Bernhard"]
[Black "Storck, Martin"]
[Result "1/2-1/2"]
[WhiteElo "1698"]
[BlackElo "1846"]
[WhiteFideId "-1"]
[BlackFideId "-1"]
[PlyCount "49"]
[GameId "2223824423837825"]
[EventDate "2025.??.??"]
[EventType "team-tourn"]
[EventRounds "9"]
[EventCountry "GER"]
[SourceTitle "Verband Muensterland"]
[SourceDate "2025.09.21"]
[SourceVersion "1"]
[SourceVersionDate "2025.09.21"]
[SourceQuality "1"]
[WhiteTeam "Metelen"]
[BlackTeam "Gronau"]
[WhiteTeamCountry "GER"]
[BlackTeamCountry "GER"]

1. c4 c5 2. g3 Nc6 3. Nc3 g6 4. Bg2 Bg7 5. a3 e6 6. e4 Nge7 7. Nge2 O-O 8. O-O b6 9. Rb1 Bb7 10. b4 d6 11. d3 Nd4 12. Bb2 Qd7 13. b5 d5 14. exd5 exd5 15. Nf4 dxc4 16. dxc4 Bxg2 17. Kxg2 Qb7+ 18. f3 Rad8 19. Ncd5 Nef5 20. Qd3 Rfe8 21. Bxd4 Nxd4 22. Rbe1 Qd7 23. Qd1 Rxe1 24. Rxe1 Re8 25. Qd2 1/2-1/2

[Event "Muensterland Regionalliga 2526"]
[Site "Germany"]
[Date "2025.09.06"]
[Round "1"]
[Board "8"]
[White "Kloenne, Tim"]
[Black "Knocks, Elmar"]
[Result "1/2-1/2"]
[WhiteElo "1826"]
[BlackElo "1672"]
[WhiteFideId "-1"]
[BlackFideId "-1"]
[PlyCount "97"]
[GameId "2223824423837827"]
[EventDate "2025.??.??"]
[EventType "team-tourn"]
[EventRounds "9"]
[EventCountry "GER"]
[SourceTitle "Verband Muensterland"]
[SourceDate "2025.09.21"]
[SourceVersion "1"]
[SourceVersionDate "2025.09.21"]
[SourceQuality "1"]
[WhiteTeam "Gronau"]
[BlackTeam "Metelen"]
[WhiteTeamCountry "GER"]
[BlackTeamCountry "GER"]

1. c4 e5 2. Nc3 Nf6 3. g3 g6 4. Bg2 Bg7 5. d3 O-O 6. Nf3 d6 7. O-O Nc6 8. Ne1 Re8 9. Nc2 Rb8 10. Bg5 h6 11. Bd2 Bg4 12. f3 Be6 13. e4 Nd4 14. Nxd4 exd4 15. Ne2 c5 16. a4 b6 17. g4 Nd7 18. h3 Kh7 19. f4 f5 20. exf5 gxf5 21. g5 Bf7 22. Ng3 Rf8 23. Nxf5 hxg5 24. Nxg7 Kxg7 25. fxg5 Bg6 26. Qe2 Ne5 27. Be4 Qd7 28. Bxg6 Kxg6 29. Qe4+ Kg7 30. Kg2 Rh8 31. h4 Rbe8 32. Rf6 Qg4+ 33. Qxg4 Nxg4 34. Rxd6 Re2+ 35. Kf3 Rxd2 36. Kxg4 Rh2 37. Rh6 Rxh6 38. gxh6+ Kxh6 39. Ra2 Rd2 40. Ra3 Rxb2 41. Kf4 Kh5 42. Ke4 a5 43. Ra1 Kxh4 44. Kf4 Kh3 45. Kf3 Kh2 46. Rd1 Rb3 47. Rd2+ Kg1 48. Rd1+ Kh2 49. Rd2+ 1/2-1/2

[Event "Muensterland Regionalliga 2526"]
[Site "Germany"]
[Date "2025.09.06"]
[Round "1"]
[Board "2"]
[White "Averkamp Peters, Jens"]
[Black "Arning, Marcus"]
[Result "1-0"]
[WhiteElo "2014"]
[BlackElo "1921"]
[WhiteFideId "-1"]
[BlackFideId "-1"]
[PlyCount "117"]
[GameId "541866933835"]
[EventDate "2025.??.??"]
[EventType "team-tourn"]
[EventRounds "9"]
[EventCountry "GER"]
[SourceTitle "Verband Muensterland"]
[SourceDate "2025.09.21"]
[SourceVersion "1"]
[SourceVersionDate "2025.09.21"]
[SourceQuality "1"]
[WhiteTeam "Rheine Klein Berlin"]
[BlackTeam "Steinfurt"]
[WhiteTeamCountry "GER"]
[BlackTeamCountry "GER"]

1. e4 e5 2. d4 exd4 3. Nf3 Nc6 4. c3 Nge7 5. cxd4 d5 6. e5 Bg4 7. Be3 Ng6 8. Bb5 Bb4+ 9. Nc3 Nh4 10. Rg1 O-O 11. Be2 f5 12. g3 Nxf3+ 13. Bxf3 Bxf3 14. Qxf3 Qd7 15. O-O-O Bxc3 16. bxc3 Na5 17. Qe2 Nc4 18. Qc2 a5 19. Rd3 Ra6 20. Kd1 Rb6 21. Bc1 Qb5 22. f4 a4 23. g4 a3 24. Rdg3 fxg4 25. Rxg4 g6 26. f5 Nb2+ 27. Kd2 Nc4+ 28. Ke1 Qb1 29. Qxb1 Rxb1 30. Ke2 Rxf5 31. Kd3 Ra1 32. R4g2 Rf3+ 33. Kc2 Rxa2+ 34. Kb3 Rxg2 35. Rxg2 Kf7 36. Rc2 Ke6 37. Bxa3 Ne3 38. Ra2 Nf5 39. Kb4 g5 40. Bc1 g4 41. Ra7 Rf1 42. Ba3 Rb1+ 43. Kc5 Ne3 44. Bb4 h5 45. Rxb7 h4 46. Rxc7 g3 47. Rc6+ Kd7 48. hxg3 hxg3 49. Rg6 g2 50. e6+ Ke8 51. Rg8+ Ke7 52. Rxg2 Nxg2 53. Kxd5+ Ke8 54. Bd6 Ne3+ 55. Kc6 Rc1 56. Bb4 Rh1 57. d5 Rh5 58. d6 Rh6 59. d7+ 1-0

[Event "Muensterland Regionalliga 2526"]
[Site "Germany"]
[Date "2025.09.06"]
[Round "1"]
[Board "4"]
[White "Langhanke, Guenther"]
[Black "Bahceci, Caner"]
[Result "1/2-1/2"]
[WhiteElo "1868"]
[BlackElo "1831"]
[WhiteFideId "-1"]
[BlackFideId "-1"]
[PlyCount "31"]
[GameId "541868109233"]
[EventDate "2025.??.??"]
[EventType "team-tourn"]
[EventRounds "9"]
[EventCountry "GER"]
[SourceTitle "Verband Muensterland"]
[SourceDate "2025.09.21"]
[SourceVersion "1"]
[SourceVersionDate "2025.09.21"]
[SourceQuality "1"]
[WhiteTeam "Rheine Klein Berlin"]
[BlackTeam "Steinfurt"]
[WhiteTeamCountry "GER"]
[BlackTeamCountry "GER"]

1. e4 c5 2. Nc3 a6 3. g3 b5 4. Bg2 Bb7 5. d3 Nf6 6. Nf3 e6 7. O-O d5 8. exd5 Nxd5 9. Ne4 Be7 10. Re1 O-O 11. Bg5 f6 12. Bd2 Nc6 13. Nc3 Nxc3 14. Bxc3 e5 15. Nh4 Qd7 16. Qe2 1/2-1/2